000 00754nam a2200241Ia 4500
003 OSt
005 20220923215501.0
006 a|||||r|||| 00| 0
007 ta
008 220922b |||||||| |||| 00| 0 hin d
024 _a179,193
037 _cTextual
040 _aARTS
_cARTS
_bhin
041 _2hin
_ahin
082 _aO152,1M96:g, L2
100 _aगोयल, सन्तोष
_9156291
245 0 _aनिराला का काव्य
246 _aNirālā kā kāvya
260 _aआगरा
_b लक्ष्मी नारायण अ्रग्रवाल
_c1972
300 _a346 पृ.
_ccm.
942 _hO152,1M96:g, L2
_cTEXL
_2CC
999 _c332574
_d332574